Statistics for France 1998 World Cup squad

Click here to take the quiz!

General Stats

  • This quiz has been taken 123 times
  • The average score is 14 of 22

Answer Stats

PosAnswer% Correct
STRHenry
97%
GKBarthez
94%
MIDPetit
92%
MIDZidane
90%
DEFBlanc
89%
DEFDesailly
81%
DEFThuram
81%
STRTrezeguet
78%
MIDDeschamps
77%
DEFLizarazu
77%
MIDVieira
73%
STRDjorkaeff
72%
MIDPires
68%
MIDKarembeu
53%
STRGuivarch
51%
GKLama
51%
DEFLeboeuf
50%
STRDugarry
49%
DEFCandela
37%
MIDBoghossian
25%
GKCharbonnier
25%
MIDDiomede
25%

Score Distribution

Percentile by Number Answered

Percent of People with Each Score

Your Score History

You have not taken this quiz